| 000 | 00794nab a2200229 a 4500 | ||
|---|---|---|---|
| 005 | 20210219162100.0 | ||
| 008 | 991125s1985 mx 000 0 spa u | ||
| 035 | _aUPN01000197495 | ||
| 049 | _aART | ||
| 100 | 1 | _aMontaño Hirose, Luis | |
| 100 | 1 | _ulmh@xanum.uam.mx | |
| 222 |
_aIZTAPALAPA : _bREVISTA DE CIENCIAS SOCIALES Y HUMANIDADES |
||
| 245 | _aLa reapropiación internacional de modelos organizacionales. Algunas reflexiones sobre la experiencia japonesa | ||
| 260 | _aMéxico | ||
| 300 | _a245-264 | ||
| 362 | 0 | _a2003 Año 24, no. 54, ene.-jun. | |
| 653 | 0 | _aMODELO ORGANIZACIONAL | |
| 653 | 0 | _aCRISIS ECONOMICA | |
| 653 | 0 | _aTRANSFERENCIA | |
| 856 | _uhttp://tesiuami.uam.mx/revistasuam/iztapalapa/include/getdoc.php?id=1457&article=1486&mode=pdf | ||
| 905 | _aArticulo | ||
| 999 |
_c169596 _d169596 |
||